000
00290nam a2200121Ia 4500
008
190216s9999||||xx |||||||||||||| ||und||
100
_a
Irving Kaplan
245
0
_a
Nuclear Physics
260
_b
Addison-Wesley Pbl: Co:
_c
1975
300
_a
770p
650
_a
Chemistry-Chemistry
942
_c
BK
999
_c
2542
_d
2542